[Event "GRE-chT 39th"]
[Site "Eretria"]
[Date "2011.07.07"]
[Round "6.17"]
[White "Siempos, Konstantinos"]
[Black "Balaskas, Panayotis"]
[Result "0-1"]
[WhiteElo "1917"]
[BlackElo "2043"]
[PlyCount "66"]
[EventDate "2011.07.03"]
[EventType "team-swiss"]
[EventRounds "7"]
[EventCountry "GRE"]
[SourceTitle "CBM 143 Extra"]
[Source "ChessBase"]
[SourceDate "2011.08.29"]
[SourceVersion "1"]
[SourceVersionDate "2011.08.29"]
[SourceQuality "1"]
[WhiteTeam "Aigialeias Chess Union"]
[BlackTeam "Amfissa Chess Union"]
[WhiteTeamCountry "GRE"]
[BlackTeamCountry "GRE"]

1. e4 c5 2. c3 g6 3. d4 cxd4 4. cxd4 Bg7 5. Nc3 a6 6. a4 e6 7. Nf3 d5 8. exd5 exd5 9. Bg5 Ne7 10. Bxe7 Qxe7+ 11. Be2 Be6 12. 0-0 0-0 13. Qd2 Nc6 14. Rfe1 Rfd8 15. Na2 a5 16. Bb5 Qd6 17. Bxc6 bxc6 18. b4 axb4 19. Qxb4 Qxb4 20. Nxb4 c5 21. Nc6 Rd6 22. Nce5 c4 23. Nd2 Rda6 24. Reb1 Bxe5 25. dxe5 Rxa4 26. Rxa4 Rxa4 27. Nf3 c3 28. Kf1 d4 29. Ke1 d3 30. Rd1 Re4+ 31. Kf1 d2 32. Nxd2 cxd2 33. Rxd2 Rxe5 0-1

[Event "GRE-chT 39th"]
[Site "Eretria"]
[Date "2011.07.06"]
[Round "5.14"]
[White "Balaskas, Panayotis"]
[Black "Gogolis, Alexandros"]
[Result "1/2-1/2"]
[WhiteElo "2043"]
[BlackElo "2261"]
[PlyCount "79"]
[EventDate "2011.07.03"]
[EventType "team-swiss"]
[EventRounds "7"]
[EventCountry "GRE"]
[SourceTitle "CBM 143 Extra"]
[Source "ChessBase"]
[SourceDate "2011.08.29"]
[SourceVersion "1"]
[SourceVersionDate "2011.08.29"]
[SourceQuality "1"]
[WhiteTeam "Amfissa Chess Union"]
[BlackTeam "Ilioupolis"]
[WhiteTeamCountry "GRE"]
[BlackTeamCountry "GRE"]

1. e4 c6 2. d4 d5 3. e5 Bf5 4. Nc3 h5 5. Bd3 Bxd3 6. Qxd3 e6 7. Nh3 Nd7 8. 0-0 Be7 9. a3 Nh6 10. Bxh6 Rxh6 11. f4 g6 12. b4 Nb6 13. Nd1 Qd7 14. Ne3 0-0-0 15. c3 Kb8 16. a4 Nc8 17. Ng5 Rf8 18. Kh1 Rhh8 19. h4 Rhg8 20. g3 Bxg5 21. fxg5 Ne7 22. b5 Nf5 23. bxc6 Qxc6 24. Nxf5 exf5 25. Rf3 Rc8 26. Kg2 Rc7 27. Qb5 Rgc8 28. Qxc6 Rxc6 29. Ra3 Rb6 30. a5 Rb1 31. Re3 Rc6 32. Kf2 Kc7 33. Re1 Rxe1 34. Kxe1 Ra6 35. Kd2 Kc6 36. Kd3 Kb5 37. Rb3+ Kc6 38. Ra3 Kb5 39. Rb3+ Kc6 40. Ra3 1/2-1/2

[Event "Athens Acropolis op-B 24th"]
[Site "Chalkida"]
[Date "2009.08.15"]
[Round "6"]
[White "Balaskas, Panayotis"]
[Black "Kouvatsos, Filippos"]
[Result "1-0"]
[WhiteElo "2129"]
[BlackElo "2093"]
[PlyCount "75"]
[EventDate "2009.08.10"]
[EventType "swiss"]
[EventRounds "9"]
[EventCountry "GRE"]
[SourceTitle "CBM 132 Extra"]
[Source "ChessBase"]
[SourceDate "2009.11.03"]
[SourceVersion "1"]
[SourceVersionDate "2009.11.03"]
[SourceQuality "1"]

1. d4 d5 2. c4 c6 3. Nf3 Nf6 4. Nc3 a6 5. c5 b6 6. b4 a5 7. b5 cxb5 8. Nxb5 bxc5 9. dxc5 e6 10. Ba3 Ne4 11. Rc1 Be7 12. e3 0-0 13. Bd3 Ba6 14. 0-0 Nc6 15. Qa4 f5 16. Rfd1 Nb4 17. Bxb4 axb4 18. Bxe4 fxe4 19. Nfd4 Qe8 20. Qxb4 Bxb5 21. Qxb5 Qxb5 22. Nxb5 Rxa2 23. Rf1 Ra5 24. Nd4 Kf7 25. f3 Bf6 26. fxe4 dxe4 27. c6 e5 28. Nf5 Ke6 29. Nxg7+ Ke7 30. Nh5 Raa8 31. c7 Rac8 32. Nxf6 Rxf6 33. Rxf6 Kxf6 34. Kf2 Kg5 35. Kg3 h5 36. Rc6 Kf5 37. Kh4 Rg8 38. c8Q+ 1-0

[Event "Athens Acropolis op-B 24th"]
[Site "Chalkida"]
[Date "2009.08.13"]
[Round "4"]
[White "Balaskas, Panayotis"]
[Black "Boutsioukis, Nikolaos"]
[Result "1-0"]
[WhiteElo "2129"]
[BlackElo "1906"]
[PlyCount "77"]
[EventDate "2009.08.10"]
[EventType "swiss"]
[EventRounds "9"]
[EventCountry "GRE"]
[SourceTitle "CBM 132 Extra"]
[Source "ChessBase"]
[SourceDate "2009.11.03"]
[SourceVersion "1"]
[SourceVersionDate "2009.11.03"]
[SourceQuality "1"]

1. e4 c5 2. Nf3 Nc6 3. d4 cxd4 4. Nxd4 g6 5. Nc3 Bg7 6. Be3 Nf6 7. f4 d6 8. Be2 0-0 9. Nb3 a5 10. a4 Be6 11. g4 Rc8 12. g5 Nd7 13. 0-0 Bxb3 14. cxb3 Nb4 15. Qd2 Nc5 16. Bc4 Nc6 17. Qg2 Qd7 18. Rad1 Ne6 19. Nd5 Qe8 20. h4 Nc7 21. Nb6 Rd8 22. h5 e6 23. Rf3 d5 24. exd5 exd5 25. Nxd5 Nxd5 26. Rxd5 Qe4 27. Rxd8 Rxd8 28. hxg6 hxg6 29. Rg3 Qb1+ 30. Kh2 Qxb2 31. f5 Qxg2+ 32. Kxg2 gxf5 33. g6 Ne5 34. gxf7+ Kh7 35. Be6 Bf6 36. Bxf5+ Kh8 37. Rh3+ Kg7 38. Rh7+ Kf8 39. Bh6+ 1-0

[Event "Paleochora op 2nd"]
[Site "Paleochora"]
[Date "2009.07.23"]
[Round "4"]
[White "Balaskas, Panayotis"]
[Black "Fontaine, Robert"]
[Result "0-1"]
[WhiteElo "2129"]
[BlackElo "2540"]
[PlyCount "48"]
[EventDate "2009.07.21"]
[EventType "swiss"]
[EventRounds "9"]
[EventCountry "GRE"]
[SourceTitle "CBM 131 Extra"]
[Source "ChessBase"]
[SourceDate "2009.09.03"]
[SourceVersion "2"]
[SourceVersionDate "2009.09.16"]
[SourceQuality "1"]

1. e4 c5 2. Nf3 d6 3. c3 Nf6 4. Qc2 g6 5. d4 cxd4 6. Nxd4 Bg7 7. Na3 0-0 8. f3 e5 9. Nb3 d5 10. exd5 Nxd5 11. Bd2 Bf5 12. Bd3 Nb4 13. cxb4 Bxd3 14. Qc5 e4 15. Bc3 exf3 16. 0-0-0 fxg2 17. Rhg1 Bh6+ 18. Nd2 Re8 19. Rxg2 Na6 20. Qa5 Qxa5 21. bxa5 Rac8 22. Nc2 Nc5 23. Kb1 Na4 24. Nb3 Rxc3 0-1

[Event "Rethymno op 1st"]
[Site "Rethymno"]
[Date "2009.07.15"]
[Round "5"]
[White "Balaskas, Panayotis"]
[Black "Markidis, Konstantinos"]
[Result "0-1"]
[WhiteElo "2129"]
[BlackElo "2334"]
[PlyCount "120"]
[EventDate "2009.07.12"]
[EventType "swiss"]
[EventRounds "9"]
[EventCountry "GRE"]
[SourceTitle "CBM 131 Extra"]
[Source "ChessBase"]
[SourceDate "2009.09.03"]
[SourceVersion "2"]
[SourceVersionDate "2009.09.16"]
[SourceQuality "1"]

1. e4 e5 2. Nf3 Nc6 3. Bc4 Be7 4. 0-0 Nf6 5. Nc3 0-0 6. d3 d6 7. h3 Na5 8. Bb3 Nxb3 9. axb3 c6 10. b4 a6 11. b5 cxb5 12. Nxb5 Bd7 13. Na3 Qc7 14. c4 h6 15. b3 Nh7 16. g4 h5 17. Nh2 hxg4 18. hxg4 Bg5 19. Nc2 Qd8 20. Ne3 Be6 21. Kg2 Re8 22. Rh1 Nf8 23. Nf5 Bxc1 24. Rxc1 Ng6 25. Nf3 Nf4+ 26. Kg3 Bxf5 27. exf5 g6 28. Nh4 Qg5 29. Qf3 Rad8 30. Qe4 Nh5+ 31. Kh3 Nf6 32. Qg2 Kg7 33. Qg3 Rh8 34. Kg2 Qxg4 35. Qxg4 Nxg4 36. Kf3 g5 37. Kxg4 gxh4 38. Kg5 Rdg8 39. f6+ Kf8+ 40. Kf5 Rh5+ 41. Ke4 Rg4+ 42. Ke3 Rf4 43. Rh3 Rxf6 44. b4 Ke8 45. Rb1 Kd7 46. b5 a5 47. b6 Kc6 48. Rb5 a4 49. Ke2 Rf4 50. f3 Rh8 51. Ra5 Kxb6 52. Rxa4 Kc6 53. Ra5 Rg8 54. Ra1 Rg2+ 55. Ke3 f5 56. Rah1 Rd4 57. f4 Rxf4 58. Rxh4 Rxh4 59. Rxh4 f4+ 60. Ke4 Re2+ 0-1

[Event "Nikaia op 16th"]
[Site "Nikaia"]
[Date "2008.08.30"]
[Round "7"]
[White "Nikolaidis, Ioannis"]
[Black "Balaskas, Panayotis"]
[Result "1-0"]
[WhiteElo "2516"]
[BlackElo "2106"]
[PlyCount "61"]
[EventDate "2008.08.25"]
[EventType "swiss"]
[EventRounds "9"]
[EventCountry "GRE"]
[SourceTitle "CBM 126 Extra"]
[Source "ChessBase"]
[SourceDate "2008.11.05"]
[SourceVersion "1"]
[SourceVersionDate "2008.11.05"]
[SourceQuality "1"]

1. d4 Nf6 2. c4 e6 3. Nf3 c6 4. Bg5 d5 5. Nbd2 h6 6. Bh4 g5 7. Bg3 g4 8. Ne5 Qb6 9. e3 Qxb2 10. Rb1 Qxa2 11. Bd3 Qa5 12. 0-0 Nbd7 13. f3 h5 14. fxg4 hxg4 15. Nxd7 Nxd7 16. Nb3 Qd8 17. Qxg4 Nf6 18. Qf3 dxc4 19. Bxc4 Bg7 20. Be5 Rh6 21. Bf4 Rh5 22. g4 Rh4 23. Be5 Rxg4+ 24. Kh1 Rg6 25. Bd3 Rh6 26. Rg1 Kf8 27. Rbf1 Qd5 28. Be4 Qd8 29. Rxg7 Kxg7 30. Qg3+ Kf8 31. Qf4 1-0

[Event "Attica Cup Final"]
[Site "Athens"]
[Date "2008.03.09"]
[Round "2"]
[White "Balaskas, Panayotis"]
[Black "Hristodoulou, Panagiotis"]
[Result "0-1"]
[WhiteElo "2129"]
[BlackElo "2062"]
[PlyCount "88"]
[EventDate "2008.03.08"]
[EventType "match"]
[EventRounds "2"]
[EventCountry "GRE"]
[SourceTitle "EXT 2011"]
[Source "ChessBase"]
[SourceDate "2010.11.26"]
[SourceVersion "1"]
[SourceVersionDate "2010.11.26"]
[SourceQuality "1"]

1. e4 Nf6 2. e5 Nd5 3. c4 Nb6 4. a4 a5 5. c5 Nd5 6. Bc4 e6 7. Nc3 Nxc3 8. bxc3 d6 9. cxd6 cxd6 10. exd6 Bxd6 11. d4 0-0 12. f4 Qc7 13. Qe2 Bxf4 14. Nf3 Bxc1 15. Rxc1 Bd7 16. 0-0 Nc6 17. Ng5 h6 18. Nxf7 Rxf7 19. Rxf7 Kxf7 20. d5 Ne5 21. Ba2 exd5 22. Bxd5+ Be6 23. Qh5+ Kf8 24. Rf1+ Nf7 25. Be4 Rc8 26. Qg6 Bd5 27. Bxd5 Qc5+ 28. Kh1 Qxd5 29. Qh7 Qc4 30. Rf3 Rd8 31. h3 Rd1+ 32. Kh2 Qc7+ 33. g3 Rd2+ 34. Kh1 Qe5 35. Qf5 Qxf5 36. Rxf5 b6 37. Rb5 Rd6 38. c4 Rc6 39. c5 bxc5 40. Kg2 c4 41. Rb2 Ne5 42. Rc2 c3 43. Kf2 Nd3+ 44. Ke3 Nb4 0-1

[Event "Athens Acropolis op"]
[Site "Athens"]
[Date "2003.09.01"]
[Round "8"]
[White "Balaskas, Panayotis"]
[Black "Panagiotopoulos, Alexandros"]
[Result "0-1"]
[WhiteElo "2140"]
[BlackElo "2111"]
[PlyCount "83"]
[EventDate "2003.08.25"]
[EventType "swiss"]
[EventRounds "9"]
[EventCountry "GRE"]
[SourceTitle "EXT 2004"]
[Source "ChessBase"]
[SourceDate "2003.11.25"]
[SourceVersion "1"]
[SourceVersionDate "2003.11.25"]
[SourceQuality "1"]

1. e4 c5 2. Nf3 e6 3. d4 cxd4 4. Nxd4 a6 5. a3 b5 6. Bd3 Bc5 7. Be3 Qb6 8. c3 Nc6 9. b4 Bxd4 10. cxd4 d5 11. Nc3 Nge7 12. 0-0 e5 13. Nxd5 Nxd5 14. exd5 Nxd4 15. Qh5 Qd6 16. f4 Qxd5 17. Rf2 g6 18. Qh6 Bf5 19. Qg7 Ke7 20. Rd1 Ne6 21. Qxe5 Qxe5 22. fxe5 Bxd3 23. Rxd3 Rhd8 24. Rd6 Rxd6 25. exd6+ Kxd6 26. Rxf7 Rc8 27. Rxh7 Rc3 28. Rh3 Kd5 29. Rg3 Rxa3 30. h4 Rb3 31. Bf2 Rxg3 32. Bxg3 Nd4 33. Bf2 Nc2 34. Kh2 Nxb4 35. Kg3 Nd3 36. Be3 b4 37. Bd2 b3 38. Bc3 b2 39. Bxb2 Nxb2 40. Kg4 Ke6 41. h5 gxh5+ 42. Kxh5 0-1

[Event "Nikaia op 11th"]
[Site "Nikaia"]
[Date "2003.08.24"]
[Round "9"]
[White "Blazos, Vasilios"]
[Black "Balaskas, Panayotis"]
[Result "0-1"]
[WhiteElo "1670"]
[BlackElo "2140"]
[PlyCount "90"]
[EventDate "2003.08.17"]
[EventType "swiss"]
[EventRounds "9"]
[EventCountry "GRE"]
[SourceTitle "EXT 2005"]
[Source "ChessBase"]
[SourceDate "2004.11.15"]
[SourceVersion "1"]
[SourceVersionDate "2004.11.15"]
[SourceQuality "1"]

1. d4 Nf6 2. c4 e6 3. Nc3 Bb4 4. Qc2 c5 5. dxc5 Na6 6. a3 Bxc3+ 7. Qxc3 Nxc5 8. f3 a5 9. e4 d6 10. Be3 Qc7 11. Rd1 0-0 12. Ne2 e5 13. Qc2 Bd7 14. Nc3 h6 15. Be2 Rfd8 16. 0-0 a4 17. Nb5 Bxb5 18. cxb5 Rac8 19. Kh1 Qb8 20. Bc4 Nb3 21. Qd3 Nc5 22. Qe2 Qc7 23. Rc1 Qe7 24. Rfd1 Nfd7 25. Rc3 Nb6 26. Ba2 Nbd7 27. Rdc1 Nf6 28. b4 axb3 29. Bxb3 b6 30. Rd1 Ra8 31. Kg1 Kf8 32. Ba2 Ra5 33. Qd2 Rxb5 34. Bb1 d5 35. exd5 Rxd5 36. Qe2 Rxd1+ 37. Qxd1 Nd5 38. Bxc5 bxc5 39. Rd3 Nf6 40. Ba2 g5 41. Rd8+ Kg7 42. Qd3 Rb2 43. Bc4 e4 44. fxe4 Qxe4 45. Qc3 Qxg2# 0-1

[Event "Nikaia op 11th"]
[Site "Nikaia"]
[Date "2003.08.23"]
[Round "8"]
[White "Balaskas, Panayotis"]
[Black "Kofidis, Andreas"]
[Result "0-1"]
[WhiteElo "2140"]
[BlackElo "2434"]
[PlyCount "73"]
[EventDate "2003.08.17"]
[EventType "swiss"]
[EventRounds "9"]
[EventCountry "GRE"]
[SourceTitle "EXT 2005"]
[Source "ChessBase"]
[SourceDate "2004.11.15"]
[SourceVersion "1"]
[SourceVersionDate "2004.11.15"]
[SourceQuality "1"]

1. e4 c5 2. Nf3 d6 3. d4 cxd4 4. Nxd4 Nf6 5. Nc3 a6 6. Bg5 e6 7. Qd2 Nbd7 8. 0-0-0 b5 9. Re1 Bb7 10. f4 h6 11. Bh4 Be7 12. e5 dxe5 13. fxe5 Ng4 14. Bxe7 Qxe7 15. Nf3 Bxf3 16. gxf3 Ngxe5 17. f4 Ng6 18. Nd5 Qc5 19. b4 Qa7 20. f5 Nge5 21. fxe6 fxe6 22. Bh3 0-0 23. Bxe6+ Kh8 24. Bxd7 Nf3 25. Qg2 Qd4 26. c3 Qxd5 27. Rd1 Qc4 28. Kb2 a5 29. Kb1 axb4 30. Bg4 bxc3 31. Bxf3 Rxf3 32. Rd7 c2+ 33. Qxc2 Qxc2+ 34. Kxc2 Rxa2+ 35. Kb1 Rfa3 36. h4 Ra1+ 37. Kb2 0-1

[Event "Attica-ch op"]
[Site "Attica"]
[Date "2003.05.21"]
[Round "8"]
[White "Balaskas, Panayotis"]
[Black "Paraskevaidis, Vasilios"]
[Result "1-0"]
[WhiteElo "2197"]
[BlackElo "2061"]
[PlyCount "67"]
[EventDate "2003.05.??"]
[EventType "swiss"]
[EventRounds "9"]
[EventCountry "GRE"]
[SourceTitle "EXT 2005"]
[Source "ChessBase"]
[SourceDate "2004.11.15"]
[SourceVersion "1"]
[SourceVersionDate "2004.11.15"]
[SourceQuality "1"]

1. e4 c5 2. Nf3 a6 3. c3 d5 4. e5 Nc6 5. d4 Bg4 6. Nbd2 cxd4 7. cxd4 e6 8. h3 Bh5 9. g4 Bg6 10. a3 h5 11. Rg1 hxg4 12. hxg4 Be7 13. b4 Nh6 14. Nb3 Bxb4+ 15. axb4 Nxb4 16. Ba3 Nc2+ 17. Kd2 Qb6 18. Qxc2 Bxc2 19. Kxc2 Rc8+ 20. Kb2 f6 21. Bd3 Kf7 22. g5 Nf5 23. exf6 gxf6 24. gxf6 Kxf6 25. Ne5 Qxb3+ 26. Kxb3 Nxd4+ 27. Ka2 Kxe5 28. Rae1+ Kf6 29. Bb2 Rh4 30. f4 e5 31. Rxe5 Rh2 32. Rxd5 Rc6 33. Rxd4 Rb6 34. Rd6+ 1-0

[Event "Nikaia op 10th"]
[Site "Nikaia"]
[Date "2002.08.27"]
[Round "9"]
[White "Makka, Evanthia"]
[Black "Balaskas, Panayotis"]
[Result "0-1"]
[WhiteElo "2035"]
[BlackElo "2201"]
[PlyCount "112"]
[EventDate "2002.08.19"]
[EventType "swiss"]
[EventRounds "9"]
[EventCountry "GRE"]
[SourceTitle "CBM 089 Extra"]
[Source "ChessBase"]
[SourceDate "2002.09.10"]
[SourceVersion "2"]
[SourceVersionDate "2002.09.10"]
[SourceQuality "1"]

1. e4 c5 2. Nf3 g6 3. d4 cxd4 4. Nxd4 Nc6 5. Nc3 Bg7 6. Be3 Nf6 7. Be2 0-0 8. Nb3 d6 9. 0-0 Ne5 10. f3 Be6 11. Nd4 Bc4 12. b3 Bxe2 13. Ncxe2 a6 14. c4 Qa5 15. Qd2 Qxd2 16. Bxd2 Nc6 17. Bc3 Nxd4 18. Bxd4 b5 19. Rac1 Rac8 20. c5 Bh6 21. Rc2 dxc5 22. Rxc5 Nd7 23. Rc3 b4 24. Rxc8 Rxc8 25. Ra1 e5 26. Bf2 Rc2 27. Kf1 a5 28. Rd1 Nf8 29. Ra1 Ne6 30. Bb6 Nf4 31. Nxf4 Bxf4 32. h3 Bd2 33. Bxa5 Bc3 34. Rb1 Rxa2 35. Bb6 Kf8 36. Bf2 Ke7 37. Bc5+ Kd7 38. Bf2 Kc6 39. Bg3 Bd4 40. Rc1+ Kb5 41. Rb1 f5 42. exf5 gxf5 43. Be1 Rc2 44. Bh4 Kc5 45. Be1 Kd5 46. g4 f4 47. Rd1 Rb2 48. h4 Rxb3 49. Kg2 Rb2+ 50. Kh3 b3 51. Bc3 Rc2 52. Bxd4 exd4 53. Rb1 b2 54. g5 d3 55. h5 d2 56. g6 hxg6 0-1